Bosquejo de la Exposición Histórico Europea en el día de su apertura. (Record no. 152442)

MARC details
000 -LEADER
campo de control de longitud fija 00606nam a2200157 i 4500
001 - NÚMERO DE CONTROL
campo de control 152442
003 - IDENTIFICADOR DE NÚMERO DE CONTROL
campo de control ES-MaACL
005 - FECHA Y HORA DE LA ÚLTIMA TRANSACCIÓN
campo de control 20250813092537.0
008 - DATOS DE LONGITUD FIJA--INFORMACIÓN GENERAL
campo de control de longitud fija 931025s1892 sp |||| | spa d
245 00 - MENCIÓN DEL TÍTULO
Título Bosquejo de la Exposición Histórico Europea en el día de su apertura.
260 ## - PUBLICACIÓN, DISTRIBUCIÓN, ETC.
Lugar de publicación, distribución, etc. Madrid :
Nombre del editor, distribuidor, etc. [s.n.],
Fecha de publicación, distribución, etc. 1892 (
Fabricante R. Velasco, impresor)
300 ## - DESCRIPCIÓN FÍSICA
Extensión 101 p. ;
Dimensiones 22 cm.
711 20 - ENTRADA AGREGADA--NOMBRE DE REUNIÓN
Nombre de congreso/reunión o jurisdicción como elemento de entrada Exposición Histórico-Europea
Fecha del congreso o de la firma del tratado (1892.
Sede del congreso/Lugar de la reunión Madrid)
9 (RLIN) 690
852 ## - LOCALIZACIÓN
Ubicación ES-MaACL
Número de control de estantería T-948-F-5
Nota libre -- Enc. hol., conservando la enc. original
-- -- Enc. en un vol. facticio
-- .- Donativo M. Fomento
Holdings
Estatus retirado Estado de pérdida Estado de daño No para préstamo Colección Biblioteca de origen Biblioteca actual Ubicación en estantería Fecha de adquisición Total de préstamos Signatura topográfica completa Código de barras Visto por última vez Precio de reemplazo Tipo de ítem Koha
        Colección de folletos Biblioteca del Ateneo de Madrid Biblioteca del Ateneo de Madrid Depósito folletos 17/01/2008   T-948-F-5 1159180 23/02/2023 23/02/2023 Folleto